| 000 | 00544nam a2200181 a 4500 | ||
|---|---|---|---|
| 005 | 20140412111355.0 | ||
| 008 | 051104s19uu xx 00 eng d | ||
| 020 | _a0-02-831095-0 | ||
| 050 |
_aTR(GS 372.4 _bB35 L.2 (RT) |
||
| 245 | _aReteach (green), L.2. | ||
| 250 | _aTeacher's Anotated Edition | ||
| 260 |
_aColumbus, Ohio : _bSRA/McGraw-Hill Comp, _c2000. |
||
| 300 | _a218 p. | ||
| 440 | _aSRA open court reading, Green | ||
| 650 |
_aReading _xStudy and teaching |
||
| 650 |
_aEnglish language _xStudy and teaching |
||
| 999 |
_c105394 _d105394 |
||